Dennis O'Harrow, plan talk and plain talk /

Saved in:
Bibliographic Details
Main Author: O'Harrow, Dennis, 1908-
Other Authors: Berger, Marjorie S.
Format: Book
Language:English
Published: Washington, D.C. : Planners Press, c1981.
Subjects:
LEADER 00999nam a2200277 a 4500
001 c000002888
003 CARM
005 00000000000000.0
008 830903s1981 dcua b 00010 eng
019 1 |a 2881770  |5 LACONCORD2021 
020 |a 0918286220 
035 |a (OCoLC)9944429  |5 LACONCORD2021 
043 |a n-us--- 
050 0 0 |a HT167  |b .O43 1981 
082 0 0 |a 307/.12/0973  |2 19 
100 1 |a O'Harrow, Dennis,  |d 1908- 
245 1 0 |a Dennis O'Harrow, plan talk and plain talk /  |c Marjorie S. Berger, editor. 
260 |a Washington, D.C. :  |b Planners Press,  |c c1981. 
300 |a xvii, 353 p. :  |b ill. ;  |c 24 cm. 
504 |a Bibliography: p. 331-348. 
650 0 |a City planning  |z United States. 
650 0 |a City planning. 
700 1 |a Berger, Marjorie S. 
852 8 |b CARM  |h A2:AF09E0  |i C00920  |p 0059350  |f BK 
999 f f |i 4514b933-5683-5b49-b0db-66f1531a4b33  |s 6f3790f8-a350-5b5a-b303-c2f58874043c 
952 f f |p Can circulate  |a CAVAL  |b CAVAL  |c CAVAL  |d CARM 1 Store  |e C00920  |f A2:AF09E0  |h Other scheme  |i book  |m 0059350